[Event "Baku"]
[Site "Baku"]
[Date "1980.??.??"]
[Round "12"]
[White "Chiburdanidze, Maia"]
[Black "Csom, Istvan"]
[Result "0-1"]
[WhiteElo "2400"]
[BlackElo "2510"]

1.e4 c5 2.Nf3 d6 3.d4 cxd4 4.Nxd4 Nf6 5.Nc3 Nc6 6.Bg5 e6 7.Qd2 a6 8.O-O-O h6
9.Be3 Qc7 10.f4 Be7 11.Be2 Na5 12.Qd3 b5 13.e5 dxe5 14.fxe5 Qxe5 15.Bf3 Bb7
16.Rhe1 Bxf3 17.gxf3 Qh5 18.Bf4 O-O 19.Re5 Qh3 20.Nf5 Nc6 21.Nxe7+ Nxe7 22.Rc5 Rfc8
23.Rxc8+ Rxc8 24.Be5 Qh4 25.a4 Nfd5 26.Rg1 Ng6 27.Qd4 Qxd4 28.Bxd4 Rc4 29.Rd1 Nxc3
30.Bxc3 Rxa4 31.Rd8+ Kh7 32.b3 Rf4 33.Rd3 Ne7 34.Be5 Rf5 35.Bg3 b4 36.Kd2 Nd5
37.Ke2 g5 38.Rd4 Kg6 39.Rc4 a5 40.Kf2 Nf4 41.Ke3 Nd5+ 42.Ke4 h5 43.Be5 f6
44.Bd6 g4 45.fxg4 hxg4 46.Kd3 Rf3+ 47.Ke2 Kf5 48.Rc5 Rc3  0-1

[Event "Baku"]
[Site "Baku"]
[Date "1980.??.??"]
[Round "13"]
[White "Grigorian, Karen Ashotovich"]
[Black "Chiburdanidze, Maia"]
[Result "1/2-1/2"]
[WhiteElo "2475"]
[BlackElo "2400"]

1.d4 Nf6 2.c4 g6 3.Nc3 Bg7 4.e4 d6 5.Be2 O-O 6.Bg5 Nbd7 7.Qd2 c6 8.Nf3 e5
9.O-O exd4 10.Nxd4 Nc5 11.Bf3 Qb6 12.Rfe1 Re8 13.Nc2 Be6 14.b3 Rad8 15.Rad1 Bc8
16.Bf4 Bg4 17.Qe3 Bf5 18.Bg5 h6 19.Bxh6 Ncxe4 20.Bxg7 Qxe3 21.Nxe3 Kxg7 22.Nxf5+ gxf5
23.Ne2 Ng4 24.Nd4 Ngxf2 25.Nxf5+ Kf6 26.Nxd6 Nh3+ 27.gxh3 Rxd6 28.Bxe4 Rxd1
29.Rxd1 Rxe4 30.Rd7 Re2 31.a4 b6 32.Rxa7 Rb2 33.Rc7 Rxb3 34.Rxc6+ Kg5 35.Kg2 f5
36.c5 Rb2+ 37.Kg3 Rb3+ 38.Kf2 bxc5 39.Rxc5 Rxh3 40.Kg2 Ra3 41.a5  1/2-1/2

[Event "Baku"]
[Site "Baku"]
[Date "1980.??.??"]
[Round "14"]
[White "Chiburdanidze, Maia"]
[Black "Beliavsky, Alexander G"]
[Result "1/2-1/2"]
[WhiteElo "2400"]
[BlackElo "2590"]

1.e4 e5 2.Nf3 Nc6 3.Bb5 a6 4.Ba4 Nf6 5.O-O Be7 6.Re1 b5 7.Bb3 d6 8.c3 O-O
9.h3 Na5 10.Bc2 c5 11.d4 Qc7 12.Nbd2 cxd4 13.cxd4 Nc6 14.Nb3 a5 15.Be3 a4
16.Nbd2 Nb4 17.Bb1 Bd7 18.a3 Nc6 19.Ba2 Qb8 20.Rc1 h6 21.Qe2 Re8 22.dxe5 dxe5
23.Bc5 b4 24.Bxe7 Rxe7 25.Bd5 Nxd5 26.exd5 Na5 27.Qe3 Nb3 28.Nxb3 bxa3 29.Nbd2 axb2
30.Rc3 Bf5 31.Nb1 Qd6 32.Nfd2 Qxd5 33.Rc5 Qb7 34.Na3 Rd8 35.Rb5 Qc7 36.Ndb1 Rb8
37.Qd2 Rxb5 38.Nxb5 Qb8 39.Qxb2 Bxb1 40.Rxb1 Rb7 41.Qc2  1/2-1/2

[Event "Baku"]
[Site "Baku"]
[Date "1980.??.??"]
[Round "15"]
[White "Gufeld, Eduard"]
[Black "Chiburdanidze, Maia"]
[Result "1/2-1/2"]
[WhiteElo "2510"]
[BlackElo "2400"]

1.d4 Nf6 2.c4 g6 3.Nc3 Bg7 4.e4 d6 5.Be2 O-O 6.Bg5 c5 7.d5 h6 8.Bf4 Qb6 9.Qd2 Kh7
10.Nf3 e5 11.dxe6 Bxe6 12.O-O Rd8 13.Rad1 Nc6 14.Nd5 Bxd5 15.exd5 Nd4 16.Nxd4 cxd4
17.Bd3 Nd7 18.Rde1 Re8 19.Re2 Nc5 20.Rfe1 Rxe2 21.Rxe2 a5 22.h4 h5 23.Re7 Kg8
24.Re1 Bf6 25.Bf1  1/2-1/2

[Event "Malta ol (Women)"]
[Site "La Valetta"]
[Date "1980.??.??"]
[Round "?"]
[White "Chiburdanidze, Maia"]
[Black "Markovic, Gordana"]
[Result "1-0"]
[WhiteElo "2400"]
[BlackElo "2170"]

1.e4 c5 2.Nf3 Nf6 3.e5 Nd5 4.d4 cxd4 5.Qxd4 e6 6.c4 Nc6 7.Qe4 Nde7 8.b3 Ng6
9.Bb2 Be7 10.Be2 O-O 11.O-O d6 12.Rd1 Qc7 13.exd6 Bxd6 14.Na3 a6 15.Nc2 b6
16.Ncd4 Nce5 17.Qxa8 Bb7 18.Qa7 Ra8 19.Nxe6 fxe6 20.Qxb7 Qxb7 21.Rxd6 Nf7
22.Rxe6 Nf4 23.Re3 Nxe2+ 24.Rxe2 Rd8 25.Rae1 h6 26.Re6 Rd6 27.Re8+ Kh7 28.Nd4 Rd8
29.R8e7 Rd7 30.Re8 Rd8 31.R8e3 Nd6 32.Ne6 Rg8 33.Rf3 Ne4 34.Nf8+ Kh8 35.Ng6+ Kh7
36.Nf8+ Kh8 37.Rf4 Nd6 38.Re7 Qc6 39.Rf6 Qxg2+ 40.Kxg2 gxf6+ 41.Kf3 Rxf8
42.Re6  1-0

[Event "Malta ol (Women)"]
[Site "La Valetta"]
[Date "1980.??.??"]
[Round "?"]
[White "Savereide, Diane"]
[Black "Chiburdanidze, Maia"]
[Result "0-1"]
[WhiteElo "2140"]
[BlackElo "2400"]

1.e4 c5 2.Nf3 d6 3.d4 cxd4 4.Nxd4 Nf6 5.Nc3 g6 6.Be3 Bg7 7.f3 Nc6 8.Qd2 O-O
9.g4 e5 10.Ndb5 a6 11.Nxd6 Nd4 12.Bxd4 exd4 13.Nxc8 Rxc8 14.Ne2 Qb6 15.Rb1 Nd7
16.Nf4 Bh6 17.h4 Bxf4 18.Qxf4 Rxc2 19.Bd3 Qb4+ 20.Kf1 Rxb2 21.Rxb2 Qxb2 22.Qc7 Qa1+
23.Kg2 Qxa2+ 24.Kh3 Qe6 25.Rb1 h5 26.Rxb7 hxg4+ 27.fxg4 Ne5 28.Be2 Rc8 29.Rb8 Rxb8
30.Qxb8+ Kg7 31.Qb2 d3 32.Bd1 Qf6 33.Qd4 Nxg4  0-1

[Event "Malta ol (Women)"]
[Site "La Valetta"]
[Date "1980.??.??"]
[Round "?"]
[White "Chiburdanidze, Maia"]
[Black "Fischdick, Gisela"]
[Result "1-0"]
[WhiteElo "2400"]
[BlackElo "2235"]

1.e4 c5 2.Nf3 e6 3.Nc3 Nc6 4.Bb5 Nge7 5.O-O a6 6.Bxc6 Nxc6 7.d4 cxd4 8.Nxd4 Be7
9.Nxc6 dxc6 10.e5 Qc7 11.Re1 O-O 12.Qg4 f5 13.exf6 Bxf6 14.Ne4 e5 15.Qg3 Bf5
16.Bd2 Bg6 17.Bb4 Rfd8 18.Qa3 Bxe4 19.Rxe4 c5 20.Ba5 Qc6 21.Bxd8 Qxe4 22.Bxf6 gxf6
23.Qxc5 Rd8 24.Qe7 Qd5 25.h3 Rf8 26.Re1 Rf7 27.Qe8+ Rf8 28.Qa4 Kh8 29.b3 Rc8
30.Qh4 Qc6 31.Rd1 Rg8 32.g3 Rf8 33.c4 a5 34.Rd5 b6 35.Qh6 Re8 36.Rxe5 Rd8
37.Rd5 Re8  1-0

[Event "Malta ol (Women)"]
[Site "La Valetta"]
[Date "1980.??.??"]
[Round "?"]
[White "Chiburdanidze, Maia"]
[Black "Bellin, Jana"]
[Result "1-0"]
[WhiteElo "2400"]
[BlackElo "2220"]

1.e4 c5 2.Nf3 e6 3.d4 cxd4 4.Nxd4 a6 5.c4 Nf6 6.Nc3 Bb4 7.Bd3 Nc6 8.Bc2 Qc7
9.O-O O-O 10.Bg5 Be7 11.Nde2 d6 12.Rc1 Ne5 13.b3 Bd7 14.Bb1 Rac8 15.Nd4 Qc5
16.Qd2 Rfd8 17.h3 Ng6 18.Be3 Qc7 19.Qe2 Qa5 20.Rfd1 Bf8 21.Qd2 Qc7 22.f4 Qb8
23.a4 Ne7 24.Nf3 Bc6 25.Bb6 Re8 26.b4 d5 27.b5 axb5 28.axb5 dxe4 29.Ne5  1-0

[Event "Malta ol (Women)"]
[Site "La Valetta"]
[Date "1980.??.??"]
[Round "?"]
[White "Erenska Radzewska, Hanna"]
[Black "Chiburdanidze, Maia"]
[Result "0-1"]
[WhiteElo "2215"]
[BlackElo "2400"]

1.e4 c5 2.Nf3 d6 3.d4 cxd4 4.Qxd4 a6 5.c4 Nc6 6.Qd2 g6 7.b3 Bg7 8.Bb2 Nf6
9.Nc3 O-O 10.h3 Qa5 11.Bd3 b5 12.cxb5 axb5 13.O-O b4 14.Ne2 Bb7 15.Rfe1 Rfd8
16.Ned4 Nxd4 17.Nxd4 Nd7 18.Qe3 Nc5 19.Bc2 Rac8 20.Red1 e5 21.Nf3 Na4 22.bxa4 Rxc2
23.Rab1 Bf6 24.a3 Qxa4 25.Ba1 b3 26.Qxb3 Qxb3 27.Rxb3 Bxe4 28.Re3 Bf5 29.g4 Be6
30.Rc3 Ra2 31.Re3 Rxa1 32.Rxa1 e4 33.Rd1 exf3 34.Rxf3 Be5 35.Re3 Ra8 36.Kg2 Kg7
37.Kf3 Ra4 38.Kg2 Bd4 39.Red3 Bc5 40.Ra1 Bc4 41.Rg3  0-1

[Event "URS-ch U26"]
[Site "Riga"]
[Date "1980.??.??"]
[Round "?"]
[White "Chiburdanidze, Maia"]
[Black "Azmaiparashvili, Zurab"]
[Result "1/2-1/2"]
[WhiteElo "2400"]
[BlackElo "2415"]

1.e4 c5 2.Nf3 d6 3.d4 cxd4 4.Nxd4 Nf6 5.Nc3 a6 6.Bg5 e6 7.f4 Nbd7 8.Qf3 Qc7
9.O-O-O Be7 10.Bd3 h6 11.Bh4 g5 12.e5 gxh4 13.exf6 Nxf6 14.f5 e5 15.Nde2 Bd7
16.Be4 Bc6 17.Nd5 Bxd5 18.Bxd5 Rc8 19.Nc3 b5 20.Bb7 Rb8  1/2-1/2

[Event "URS-ch U26"]
[Site "Riga"]
[Date "1980.??.??"]
[Round "?"]
[White "Chiburdanidze, Maia"]
[Black "Chekhov, Valery A"]
[Result "0-1"]
[WhiteElo "2400"]
[BlackElo "2410"]

1.e4 e5 2.Nf3 Nc6 3.Bb5 a6 4.Ba4 Nf6 5.O-O Nxe4 6.d4 b5 7.Bb3 d5 8.dxe5 Be6
9.Qe2 Be7 10.Rd1 O-O 11.c4 bxc4 12.Bxc4 Bc5 13.Be3 Bxe3 14.Qxe3 Qb8 15.Bb3 Na5
16.Nbd2 Qa7 17.Qxa7 Rxa7 18.Nxe4 Nxb3 19.axb3 dxe4 20.Nd4 c5 21.Nxe6 fxe6
22.Ra5 Raf7 23.Rf1 e3 24.f3 Rb7 25.Rxa6 Rxb3 26.Rxe6 Rxb2 27.Re1 Ra8 28.h4 Raa2
29.Rxe3 Rxg2+ 30.Kf1 Raf2+ 31.Ke1 Rh2  0-1

[Event "URS-ch U26"]
[Site "Riga"]
[Date "1980.??.??"]
[Round "?"]
[White "Chiburdanidze, Maia"]
[Black "Gavrikov, Viktor"]
[Result "1/2-1/2"]
[WhiteElo "2400"]
[BlackElo "2365"]

1.e4 c5 2.Nf3 d6 3.d4 cxd4 4.Nxd4 Nf6 5.Nc3 a6 6.Bg5 e6 7.f4 Be7 8.Qf3 Qc7
9.O-O-O Nbd7 10.Qg3 h6 11.Bh4 g5 12.fxg5 Nh5 13.Qe3 Qc5 14.Kb1 hxg5 15.Bf2 Ne5
16.Qd2 Qc7 17.Nf3 Rg8 18.Be3 g4 19.Nxe5 dxe5 20.Bd3 b5 21.Rhf1 Bd7 22.Qf2 Rg7
23.Ne2 Rc8 24.h3 Nf6 25.Qh4 Rh7 26.Qg3 Bc6 27.Rxf6 Bxf6 28.Qxg4 Rg7 29.Qf3 Qe7
30.Ng3 Bg5 31.Nh5 Rg6 32.g4 Bb7 33.Bf2 f5 34.gxf5 exf5 35.Qxf5 Rcc6 36.Bg3 Rh6
37.Be2 Bc8 38.Qxe5 Qxe5 39.Bxe5 Bxh3 40.Bf4 Bxf4 41.Nxf4 Bc8 42.Bd3 Rh4 43.Nd5 Rch6
44.b3 Rh1 45.Rxh1 Rxh1+ 46.Kb2 Bb7  1/2-1/2

[Event "URS-ch U26"]
[Site "Riga"]
[Date "1980.??.??"]
[Round "?"]
[White "Chiburdanidze, Maia"]
[Black "Ivanov, Alexander"]
[Result "0-1"]
[WhiteElo "2400"]
[BlackElo "2425"]

1.e4 e5 2.Nf3 Nc6 3.Bb5 a6 4.Ba4 Nf6 5.O-O Be7 6.Re1 b5 7.Bb3 d6 8.c3 O-O
9.h3 Bb7 10.d4 Re8 11.Ng5 Rf8 12.Nf3 Re8 13.Nbd2 Bf8 14.a3 g6 15.Ba2 Bg7
16.b4 a5 17.d5 Ne7 18.Nb3 axb4 19.cxb4 Nxe4 20.Rxe4 Bxd5 21.Re1 e4 22.Nfd4 c5
23.bxc5 dxc5 24.Nxc5 Bxa2 25.Rxa2 Qxd4 26.Qxd4 Bxd4 27.Nxe4 Nf5 28.Rae2 Re6
29.Ng5 Rxe2 30.Rxe2 Bc5 31.Ra2 b4 32.Rc2 Bd6 33.a4 b3 34.Rc4 Be5 35.Rb4 Rd8
36.f4 Rd1+ 37.Kh2 Bd6  0-1

[Event "URS-ch U26"]
[Site "Riga"]
[Date "1980.??.??"]
[Round "?"]
[White "Chiburdanidze, Maia"]
[Black "Lputian, Smbat G"]
[Result "1/2-1/2"]
[WhiteElo "2400"]
[BlackElo "2445"]

1.e4 e6 2.d4 d5 3.Nd2 c5 4.Ngf3 Nc6 5.exd5 exd5 6.Bb5 Bd6 7.dxc5 Bxc5 8.O-O Ne7
9.Nb3 Bd6 10.Bd2 O-O 11.Bc3 Bg4 12.Be2 Re8 13.Re1 Ng6 14.h3 Be6 15.Nbd4 Nf4
16.Bf1 Bc5 17.Qd2 Ng6 18.Rad1 Qd6 19.a3 Bb6 20.Nb5  1/2-1/2

[Event "URS-ch U26"]
[Site "Riga"]
[Date "1980.??.??"]
[Round "?"]
[White "Chiburdanidze, Maia"]
[Black "Psakhis, Lev"]
[Result "0-1"]
[WhiteElo "2400"]
[BlackElo "2535"]

1.e4 c5 2.Nf3 d6 3.d4 cxd4 4.Nxd4 Nf6 5.Nc3 a6 6.Bg5 e6 7.f4 Qb6 8.Qd2 Qxb2
9.Rb1 Qa3 10.f5 Nc6 11.fxe6 fxe6 12.Nxc6 bxc6 13.e5 dxe5 14.Bxf6 gxf6 15.Ne4 Be7
16.Be2 h5 17.Rb3 Qa4 18.Nxf6+ Bxf6 19.c4 Be7 20.O-O Ra7 21.Rb8 Rc7 22.Bd3 Rg8
23.Qe2 Qa3 24.Kh1 Kd8 25.c5 Rf8 26.Rfb1 Bxc5 27.Bxa6 Bd4 28.Bc4 Ke7 29.Qxh5 Qc3
30.Qh7+ Kd6 31.Qh6 Rff7 32.Be2 Qe3 33.Qh5 Rh7 34.Qf3 Qxf3 35.Bxf3 Rb7  0-1

[Event "URS-ch U26"]
[Site "Riga"]
[Date "1980.??.??"]
[Round "?"]
[White "Kharitonov, Andrei Y"]
[Black "Chiburdanidze, Maia"]
[Result "1/2-1/2"]
[WhiteElo "2435"]
[BlackElo "2400"]

1.Nf3 Nf6 2.c4 g6 3.d4 Bg7 4.g3 O-O 5.Bg2 d6 6.Nc3 c5 7.O-O Nc6 8.dxc5 dxc5
9.Bf4 Nh5 10.Bd2 b6 11.Qc1 Bb7 12.Bh6 Qc8 13.Bxg7 Kxg7 14.Rd1 Nf6 15.Nd5 Nb4
16.Qc3 Nxd5 17.cxd5 Kg8 18.Ne5 Qc7 19.e4 Rad8 20.Nc4 b5 21.Ne3 b4 22.Qc2 e6
23.d6 Qc8 24.Rac1 Nd7 25.Nc4 Ba6 26.Na5 Bb5 27.Nb3 c4 28.Nd4 Ba6 29.Qa4 Nc5
30.Qxb4 Rxd6 31.e5 Rb6 32.Qa3 Nd3 33.Rxd3 cxd3 34.Rxc8 Rxc8 35.Bf3 d2 36.Bd1 Rc1
37.Qa4 Kg7 38.Kg2 Bb7+ 39.Kh3 Rxb2 40.Qd7 Bd5 41.Qd8 h6 42.Qf6+ Kg8 43.Bg4 d1=Q
44.Bxd1 Rxd1 45.Qd8+ Kh7 46.Qf6 Rb7 47.Nb5 Rd3 48.f4 Be4 49.Kh4 Bf5 50.a3 Rxb5
51.Qxf7+ Kh8 52.Qe8+ Kg7 53.Qe7+ Kg8  1/2-1/2

[Event "Rostov"]
[Site "Rostov"]
[Date "1980.??.??"]
[Round "?"]
[White "Chiburdanidze, Maia"]
[Black "Chekhova Kostina, Tatiana M"]
[Result "1-0"]
[WhiteElo "2400"]
[BlackElo "2165"]

1.e4 e5 2.Nf3 Nc6 3.Bb5 a6 4.Ba4 Nf6 5.O-O Nxe4 6.d4 b5 7.Bb3 d5 8.dxe5 Be6
9.Be3 Be7 10.c3 Nc5 11.Bc2 Bg4 12.Nbd2 Ne6 13.Qb1 Bh5 14.a4 b4 15.Bf5 Bg6
16.Rd1 O-O 17.Qc2 Qb8 18.Bxg6 hxg6 19.Nb3 Rd8 20.c4 dxc4 21.Qxc4 Qb7 22.Rdc1 Na7
23.Bxa7 Qxa7 24.Na5 Rd7 25.Nc6 Qb7 26.Rd1 Rxd1+ 27.Rxd1 Bc5 28.Qd5 Qc8 29.h4 Qe8
30.Ng5 Nxg5 31.hxg5 Bf8 32.a5 Rc8 33.b3 Qe6 34.Qxe6 fxe6 35.Rd7 Bc5 36.Nd8 Bf8
37.Nc6 Bc5 38.Kf1 Rf8 39.f3 Rf5 40.Ke2 Rf7 41.Rd8+ Rf8 42.Kd3 Rxd8+ 43.Nxd8 Be7
44.Nxe6 c6 45.Kc4  1-0

[Event "Moscow-4teams"]
[Site "Moscow"]
[Date "1981.??.??"]
[Round "?"]
[White "Chiburdanidze, Maia"]
[Black "Makarichev, Sergey"]
[Result "1/2-1/2"]
[WhiteElo "2425"]
[BlackElo "2535"]

1.e4 e6 2.d4 d5 3.Nd2 a6 4.Ngf3 c5 5.dxc5 Bxc5 6.Bd3 dxe4 7.Nxe4 Be7 8.O-O Nf6
9.Qe2 Nbd7 10.c3 Nxe4 11.Bxe4 Qc7 12.Nd4 Nf6 13.Bf3 O-O 14.Re1 Bd6 15.g3  1/2-1/2

[Event "Moscow-4teams"]
[Site "Moscow"]
[Date "1981.??.??"]
[Round "?"]
[White "Suetin, Alexey S"]
[Black "Chiburdanidze, Maia"]
[Result "1-0"]
[WhiteElo "2465"]
[BlackElo "2425"]

1.e4 c5 2.Nc3 d6 3.Nge2 Nf6 4.g3 Nc6 5.Bg2 g6 6.O-O Bg7 7.d3 O-O 8.f4 e6
9.h3 d5 10.e5 Nd7 11.d4 b6 12.a4 Ba6 13.Nb5 Rc8 14.c3 f5 15.Be3 c4 16.Nd6 Rb8
17.g4 Na5 18.gxf5 gxf5 19.Ng3 Bb7 20.Nh5 Ba8 21.Qe1 Nb7 22.Qg3 Qe7 23.Nb5 a5
24.Kh2 Kh8 25.Qxg7+ Qxg7 26.Nxg7 Kxg7 27.Rg1 Kh8 28.Bf3 Rg8 29.Bh5  1-0

[Event "Moscow-4teams"]
[Site "Moscow"]
[Date "1981.??.??"]
[Round "?"]
[White "Makarichev, Sergey"]
[Black "Chiburdanidze, Maia"]
[Result "1-0"]
[WhiteElo "2535"]
[BlackElo "2425"]

1.c4 g6 2.d4 Bg7 3.g3 Nf6 4.Bg2 O-O 5.Nc3 d6 6.e3 Nbd7 7.Nge2 e5 8.b3 Re8
9.Qc2 exd4 10.Nxd4 a5 11.O-O Nc5 12.Bb2 c6 13.Rab1 Qe7 14.a3 Ng4 15.Rbd1 h5
16.h3 Ne5 17.Rfe1 a4 18.b4 Ne6 19.Ne4 Nxc4 20.Nxc6 bxc6 21.Bxg7 Nxg7 22.Qxc4 Rd8
23.Qxc6 Ra6 24.Qc3 Ne8 25.b5 Rb6 26.Qa5 Rb8 27.Qxa4 Qe5 28.Qa5 Bb7 29.Nc3 Bxg2
30.Kxg2 Rdc8 31.Rd4 Qc5 32.Nd5 Rxb5 33.Qd2 Rcb8 34.a4 Rb2 35.Qd3 Qc6 36.Qe4 Kh8
37.Rc4 Qb7 38.Qf3 Rd2 39.e4 Qd7 40.Re2 Rd1 41.Rb2 Rxb2 42.Qxd1 Qa7 43.Qf3 Ra2
44.Rc8 Qd7 45.Rb8 Kg7 46.Rxe8 Qxe8 47.Qc3+ Kh6 48.Nf6 Qe6 49.Ng4+ hxg4 50.Qh8+ Kg5  1-0

[Event "Moscow-4teams"]
[Site "Moscow"]
[Date "1981.??.??"]
[Round "?"]
[White "Chiburdanidze, Maia"]
[Black "Suetin, Alexey S"]
[Result "1-0"]
[WhiteElo "2425"]
[BlackElo "2465"]

1.e4 c5 2.Nf3 e6 3.d4 cxd4 4.Nxd4 a6 5.c4 Nf6 6.Nc3 Qc7 7.Bd3 Nc6 8.Nde2 Bc5
9.O-O Ne5 10.h3 d6 11.Bg5 Nfd7 12.Rc1 h6 13.Bf4 g5 14.Bh2 Nxd3 15.Qxd3 Ne5
16.Qb1 Bd7 17.b4 Ba7 18.Rfd1 f6 19.Nd4 Kf7 20.Nce2 Rac8 21.Qb3 Rhd8 22.Kh1 Nxc4
23.f4 b5 24.Qf3 Rf8 25.e5 Kg7 26.exd6 Qd8 27.f5 exf5 28.Nxf5+ Bxf5 29.Qxf5 Rc6
30.Ng3 Rf7 31.Qd5 Qd7 32.Nf5+ Kh7 33.Ne7  1-0

[Event "Moscow-4teams"]
[Site "Moscow"]
[Date "1981.??.??"]
[Round "?"]
[White "Geller, Efim P"]
[Black "Chiburdanidze, Maia"]
[Result "1-0"]
[WhiteElo "2615"]
[BlackElo "2425"]

1.d4 Nf6 2.c4 g6 3.Nc3 Bg7 4.g3 O-O 5.Bg2 d6 6.Nf3 Nc6 7.O-O a6 8.h3 Rb8
9.e4 b5 10.e5 Nd7 11.e6 fxe6 12.d5 Na5 13.cxb5 exd5 14.Nd4 Nf6 15.Nxd5 axb5
16.Bd2 b4 17.Bxb4 Rxb4 18.Nxb4 c5 19.Ndc6 Nxc6 20.Nxc6 Qc7 21.b4 Bxh3 22.Nxe7+ Qxe7
23.Bxh3 cxb4 24.Qb3+ d5 25.Bg2 Rd8 26.Rab1 Bf8 27.Rfd1 Qf7 28.Rbc1 Kg7 29.Rc6 d4
30.Qc4 Qxc4 31.Rxc4 d3 32.Rd2 Re8 33.Bf3 Nd7 34.Rc7 Re7 35.Rxd3 Ne5 36.Rxe7+ Bxe7
37.Rb3 Kf6 38.Be2 Nc6 39.Rf3+ Ke5 40.Rf7 h6 41.f4+  1-0

[Event "Moscow-ch"]
[Site "Moscow"]
[Date "1981.??.??"]
[Round "1"]
[White "Chiburdanidze, Maia"]
[Black "Gulko, Boris F"]
[Result "1/2-1/2"]
[WhiteElo "2425"]
[BlackElo "2590"]

1.e4 e6 2.d4 d5 3.Nd2 a6 4.Ngf3 c5 5.dxc5 Bxc5 6.Nb3 Bd6 7.exd5 exd5 8.Bd3 Nc6
9.O-O Nge7 10.c3 O-O 11.Bg5 Bg4 12.Bh4 Ne5 13.Be2 Nc4 14.Qd4 Qc8 15.Bxc4 Qxc4
16.Na5 Qc7 17.Qxg4 Qxa5 18.Rfd1 Ng6 19.Qd4 Qc7 20.Bg3 Bxg3 21.hxg3 Rad8 22.Rd2 Rfe8
23.Rad1 b5 24.a4  1/2-1/2

[Event "Moscow-ch"]
[Site "Moscow"]
[Date "1981.??.??"]
[Round "2"]
[White "Chiburdanidze, Maia"]
[Black "Makarichev, Sergey"]
[Result "1/2-1/2"]
[WhiteElo "2425"]
[BlackElo "2535"]

1.e4 c5 2.Nf3 d6 3.d4 cxd4 4.Nxd4 Nf6 5.Nc3 Nc6 6.Bg5 e6 7.Qd2 a6 8.O-O-O h6
9.Be3 Nxd4 10.Bxd4 b5 11.f3 Be7 12.g4 b4 13.Na4 Rb8 14.b3 Bd7 15.Nb2 Bc6
16.Qe1 Qc7 17.Nc4 e5 18.Bb2 a5 19.Ne3 a4 20.Bc4 Nd7 21.h4 Nb6 22.Nd5 Bxd5
23.Bxd5 Nxd5 24.Rxd5 axb3 25.axb3 O-O 26.Qd2 Rb6 27.g5 h5 28.Rh2 Rc8 29.f4 Rc6
30.f5 Qa7 31.Rg2 Rxc2+ 32.Qxc2 Qe3+ 33.Kb1 Rxc2 34.Rxc2 Qxe4 35.Rb5 Kh7 36.Bc1 Qxh4
37.f6 gxf6 38.Rb7 Bd8 39.Rxf7+ Kg6 40.Rd7 Qh3 41.Rxd6 Qxb3+ 42.Rb2  1/2-1/2

[Event "Moscow-ch"]
[Site "Moscow"]
[Date "1981.??.??"]
[Round "3"]
[White "Bronstein, David I"]
[Black "Chiburdanidze, Maia"]
[Result "1/2-1/2"]
[WhiteElo "2490"]
[BlackElo "2425"]

1.e4 c5 2.Nf3 d6 3.d4 cxd4 4.Nxd4 Nf6 5.Nc3 a6 6.h3 e6 7.g4 Nc6 8.g5 Nd7
9.Be3 Qc7 10.f4 b5 11.Nxc6 Qxc6 12.Bg2 Bb7 13.O-O Be7 14.Qd4 O-O 15.Rad1 Rfc8
16.Rf2 Qc4 17.Qd3 b4 18.Na4 Qxd3 19.cxd3 Bc6 20.Nb6 Nxb6 21.Bxb6 Rab8 22.Be3 Bb5  1/2-1/2

[Event "Moscow-ch"]
[Site "Moscow"]
[Date "1981.??.??"]
[Round "4"]
[White "Chiburdanidze, Maia"]
[Black "Kremenietsky, Anatoly M"]
[Result "0-1"]
[WhiteElo "2425"]
[BlackElo "2380"]

1.e4 c5 2.Nf3 Nf6 3.Nc3 d6 4.d4 cxd4 5.Nxd4 Nc6 6.Bg5 Qa5 7.Bb5 Bd7 8.Nb3 Qc7
9.Nd5 Qd8 10.Nxf6+ gxf6 11.Bf4 Rg8 12.Bg3 Qb6 13.Qe2 a6 14.Bd3 Ne5 15.O-O-O O-O-O
16.Kb1 Kb8 17.Qe1 Bg7 18.Be2 f5 19.f4 Nc6 20.Bc4 fxe4 21.Qxe4 Bg4 22.Rd2 e6
23.Bh4 d5 24.Bxd8 Qxd8 25.Qxh7 Bf5 26.Qxg8 Qxg8 27.Bd3 Bxd3 28.Rxd3 Qh7 29.g3 Qh3
30.c3 Qh7 31.Nc1 d4 32.a3 dxc3 33.bxc3 Bxc3 34.Rd1 Qe4 35.Na2 Bf6 36.Rd2 Qc4
37.Nc1 Nd4 38.Rb2 Nb5 39.Rc2 Bc3 40.Ra2 Nd4 41.Rf2  0-1

[Event "Moscow-ch"]
[Site "Moscow"]
[Date "1981.??.??"]
[Round "5"]
[White "Vasiukov, Evgeni"]
[Black "Chiburdanidze, Maia"]
[Result "0-1"]
[WhiteElo "2545"]
[BlackElo "2425"]

1.e4 c5 2.Nf3 d6 3.d4 cxd4 4.Qxd4 a6 5.Be3 Nc6 6.Qb6 Qxb6 7.Bxb6 Nf6 8.Nc3 Nd7
9.Be3 e6 10.a4 Be7 11.O-O-O Nce5 12.Nxe5 Nxe5 13.Be2 Bd7 14.f4 Nc6 15.Bb6 Rc8
16.Rhe1 Nb8 17.Kb1 O-O 18.a5 Bc6 19.f5 exf5 20.exf5 Rfe8 21.Bf3 Nd7 22.Nd5 Bf8
23.Nc7 Rxe1 24.Rxe1 Bxf3 25.gxf3 Nf6 26.Rd1 Be7 27.Rd3 h5 28.Nd5 Nxd5 29.Rxd5 h4
30.h3 Re8 31.c4 Bf6 32.Rxd6 Re1+ 33.Kc2 Rh1 34.Rd7 Rxh3 35.Rxb7 Rxf3 36.Rb8+ Kh7
37.Re8 Rxf5 38.b4 h3 39.Re2 Be5 40.b5 h2 41.Re1 axb5 42.cxb5 Rf3 43.a6 Rc3+
44.Kd2 Ra3 45.Rh1 Ra1 46.Rxh2+ Bxh2 47.a7 g5 48.Bd4 Ra4 49.Kc3 Be5 50.Bxe5 Rxa7
51.Kc4 Kg6 52.b6 Rb7 53.Bc7 Kf5 54.Kd5 g4 55.Kc6 Rxb6+ 56.Kxb6 Ke4 57.Kc5 f5
58.Kc4 f4 59.Kc3 Ke3 60.Kc2 f3  0-1

[Event "Moscow-ch"]
[Site "Moscow"]
[Date "1981.??.??"]
[Round "6"]
[White "Chiburdanidze, Maia"]
[Black "Psakhis, Lev"]
[Result "1/2-1/2"]
[WhiteElo "2425"]
[BlackElo "2500"]

1.e4 e5 2.Nf3 Nc6 3.Bb5 a6 4.Ba4 Nf6 5.O-O Be7 6.Re1 b5 7.Bb3 O-O 8.c3 d6
9.h3 Bb7 10.d4 Re8 11.Ng5 Rf8 12.Nf3 Re8 13.Ng5 Rf8 14.Nf3 Re8 15.Ng5 Rf8
16.a3 h6 17.Nf3 Re8 18.Nbd2 Bf8 19.Bc2 Nb8 20.b4 Nbd7 21.a4 Nb6 22.axb5 axb5
23.Rxa8 Qxa8 24.Qe2 Qa1 25.dxe5 dxe5 26.Qd3  1/2-1/2

[Event "Moscow-ch"]
[Site "Moscow"]
[Date "1981.??.??"]
[Round "7"]
[White "Sokolov, Andrei"]
[Black "Chiburdanidze, Maia"]
[Result "1/2-1/2"]
[WhiteElo "2265"]
[BlackElo "2425"]

1.e4 c5 2.Nf3 d6 3.d4 cxd4 4.Nxd4 Nf6 5.Nc3 a6 6.f4 Qc7 7.Bd3 g6 8.O-O Bg7
9.Kh1 Nbd7 10.a4 b6 11.Qe1 Bb7 12.f5 Nc5 13.Nf3 O-O 14.Qh4 Rae8 15.Bh6 e6
16.Bg5 Ncd7 17.Rad1 Qc5 18.Bc1 Qb4  1/2-1/2

[Event "Moscow-ch"]
[Site "Moscow"]
[Date "1981.??.??"]
[Round "8"]
[White "Chiburdanidze, Maia"]
[Black "Andrianov, Nikolai"]
[Result "1/2-1/2"]
[WhiteElo "2425"]
[BlackElo "2355"]

1.e4 c5 2.Nf3 e6 3.d4 cxd4 4.Nxd4 Nf6 5.Nc3 Nc6 6.Ndb5 d6 7.Bf4 e5 8.Bg5 a6
9.Na3 b5 10.Nd5 Be7 11.Bxf6 Bxf6 12.c3 O-O 13.Nc2 Rb8 14.a4 bxa4 15.Ncb4 Nxb4
16.cxb4 Bb7 17.Rxa4 Bxd5 18.Qxd5 Qd7  1/2-1/2

[Event "Moscow-ch"]
[Site "Moscow"]
[Date "1981.??.??"]
[Round "9"]
[White "Razuvaev, Yuri S"]
[Black "Chiburdanidze, Maia"]
[Result "1/2-1/2"]
[WhiteElo "2525"]
[BlackElo "2425"]

1.d4 Nf6 2.Nf3 g6 3.c4 Bg7 4.g3 O-O 5.Bg2 d6 6.O-O Nc6 7.Nc3 a6 8.Qd3 e5
9.d5 Nb4 10.Qd1 a5 11.e4 c6 12.a3 Na6 13.Bg5 h6 14.Bxf6 Bxf6 15.Qd2 Kh7 16.dxc6 bxc6
17.Rfd1 Be7 18.Qe3  1/2-1/2

[Event "Moscow-ch"]
[Site "Moscow"]
[Date "1981.??.??"]
[Round "10"]
[White "Chiburdanidze, Maia"]
[Black "Suetin, Alexey S"]
[Result "1/2-1/2"]
[WhiteElo "2425"]
[BlackElo "2460"]

1.e4 e5 2.Nf3 Nc6 3.Bc4 Bc5 4.c3 Nf6 5.d3 d6 6.Bb3 O-O 7.O-O a6 8.Re1 Ba7
9.h3 Re8 10.Nbd2 Be6 11.Nf1 h6 12.Be3 d5 13.Bxa7 Rxa7 14.exd5 Bxd5 15.Bxd5 Nxd5
16.Ng3 Nf4 17.d4 exd4 18.Rxe8+ Qxe8 19.Nxd4 Ra8 20.Qf3 Ne6 21.Re1 Ncxd4 22.cxd4 c6
23.d5 cxd5 24.Qxd5 Qb5 25.Qxb5 axb5 26.Re5 b4 27.Rb5 Rxa2 28.Rxb4 Nc5  1/2-1/2

[Event "Moscow-ch"]
[Site "Moscow"]
[Date "1981.??.??"]
[Round "12"]
[White "Chiburdanidze, Maia"]
[Black "Jussupow, Artur"]
[Result "1/2-1/2"]
[WhiteElo "2425"]
[BlackElo "2575"]

1.e4 e5 2.Nf3 Nc6 3.Bb5 a6 4.Ba4 Nf6 5.O-O Be7 6.Re1 b5 7.Bb3 d6 8.c3 O-O
9.h3 Bb7 10.d4 Na5 11.Bc2 Nc4 12.b3 Nb6 13.Nbd2 Re8 14.dxe5 dxe5 15.Nxe5 Bc5
16.Nd3 Nxe4 17.Rxe4 Bxe4 18.Nxc5 Bxc2 19.Qxc2 Qd5 20.Nce4 Rad8 21.c4 bxc4
22.bxc4 Nxc4 23.Qxc4 Qxc4 24.Nxc4  1/2-1/2

[Event "Moscow-ch"]
[Site "Moscow"]
[Date "1981.??.??"]
[Round "13"]
[White "Vaganian, Rafael A"]
[Black "Chiburdanidze, Maia"]
[Result "1-0"]
[WhiteElo "2565"]
[BlackElo "2425"]

1.Nf3 Nf6 2.g3 g6 3.Bg2 Bg7 4.O-O O-O 5.d4 d6 6.a4 a5 7.b3 Ne4 8.Bb2 c5 9.Qc1 Na6
10.Rd1 cxd4 11.Bxd4 Bxd4 12.Nxd4 Nac5 13.Qe3 Nf6 14.Nc3 Bd7 15.Qd2 Qb6 16.e4 Rfd8
17.Nd5 Nxd5 18.exd5 e5 19.dxe6 Nxe6 20.Nxe6 Bxe6 21.Qd4 Qc7 22.c4 Rac8 23.Rd2 Rd7
24.Rad1 b6 25.h4 Qc5 26.Qf6 Qf5 27.Qxf5 Bxf5 28.Rxd6 Rcd8 29.R6d5 Be6 30.Rxd7 Rxd7
31.Bd5 Kg7 32.f4 Kf6 33.Kf2 h5 34.Rd2 Bf5 35.Rb2 Be6 36.Bxe6 fxe6 37.Ke2 Rd4
38.Rd2 Re4+ 39.Kf3 Re1 40.Rd6 Rf1+ 41.Kg2 Rc1 42.Rxb6 Rc2+ 43.Kf3 Rc3+ 44.Ke4 Rxg3
45.c5 Rc3 46.Rb5 Ke7 47.Kd4 Rh3 48.Rb7+ Kd8 49.Ke5 Kc8 50.c6 Rxh4 51.b4 axb4
52.a5 Rh1 53.a6 Ra1 54.a7 b3 55.Kd6  1-0